Sports Quiz

Random Sports Quiz

Orioles' Award Winners Quiz Stats

 Plays Quiz not verified by Sporcle

Score 0/32 Timer 08:00
0 Plays Today
Award Player % Correct
MVP Cal Ripken Jr.
100%
Rookie of the YearCal Ripken Jr.
100%
Gold Glove WinnerCal Ripken Jr.
100%
Silver Slugger AwardCal Ripken Jr.
100%
MVPBrooks Robinson
98.6%
MVPFrank Robinson
98.6%
Gold Glove WinnerBrooks Robinson
98.6%
Manager of the YearFrank Robinson
98.6%
Cy YoungJim Palmer
97.3%
Gold Glove WinnerJim Palmer
97.3%
MVPBoog Powell
82.3%
Rookie of the YearEddie Murray
79.6%
Gold Glove WinnerEddie Murray
79.6%
Silver Slugger AwardEddie Murray
79.6%
Gold Glove WinnerRafael Palmeiro
72.8%
Silver Slugger AwardRafael Palmeiro
72.8%
Award Player % Correct
Cy YoungSteve Stone
66.7%
Cy YoungMike Flanagan
66%
Cy YoungMike Cuellar
64.6%
Gold Glove WinnerDavey Johnson
61.2%
Manager of the YearDavey Johnson
61.2%
Gold Glove WinnerAdam Jones
51.7%
Gold Glove WinnerMike Mussina
51%
Silver Slugger AwardMiguel Tejada
49%
Gold Glove WinnerRoberto Alomar
46.9%
Silver Slugger AwardRoberto Alomar
46.9%
Rookie of the YearGregg Olson
43.5%
Rookie of the YearAl Bumbry
38.8%
Silver Slugger AwardAubrey Huff
21.8%
Gold Glove WinnerLuis Aparicio
21.1%
Rookie of the YearRon Hansen
17.7%
Rookie of the YearCurt Belfry
2.7%

You're not logged in!

Compare scores with friends on all Sporcle quizzes.
OR
Log In

Show Comments

Extras

Top Quizzes Today


Score Distribution

Your Account Isn't Verified!

In order to create a playlist on Sporcle, you need to verify the email address you used during registration. Go to your Sporcle Settings to finish the process.

Report this User

Report this user for behavior that violates our Community Guidelines.

Details: